Analýza dát z oblasti neživotného poistenia metódou blokového maxima

Analýza poistných dát metódou blokového maxima.

Guardado en:
Detalles Bibliográficos
Autor principal: Juhás, Matej
Otros Autores: Skřivánková, Valéria
Formato: Capítulo de libro
Lenguaje:eslovaco
Materias:
Etiquetas: Agregar Etiqueta
Sin Etiquetas, Sea el primero en etiquetar este registro!

MARC

LEADER 00000naa a2200000 4500
001 0163861
005 20220505115730.0
041 0 |a slo 
044 |a SK 
245 1 0 |a Analýza dát z oblasti neživotného poistenia metódou blokového maxima  |c Matej Juhás, Valéria Skřivánková 
520 |a Analýza poistných dát metódou blokového maxima. 
610 2 0 |a metódy matematicko-štatistické 
610 2 0 |a poistenie neživotné 
610 2 0 |a matematika poistná 
100 1 |a Juhás, Matej 
700 1 |a Skřivánková, Valéria